000 01477nam a22003377a 4500
003 OSt
005 20240521211137.0
008 240521b ||||| |||| 00| 0 eng d
040 _bEnglish.
_cCvSU-CCAT Campus Library.
_erda.
050 _aUM QA 135.5
_bCr78 2016
100 _aCruz, Jomari Mark S., author.
_912935
245 _aDevelopment of MathKiddo : a mobile application about basic Math for 4th, 5th and 6th grade pupil /
_cJomari Mark S. Cruz, Camille Joy E. Francisco, and Drenyl R. Pomarejo.
260 _aRosario, Cavite :
_bCavite State University-CCAT Campus,
_c2016.
300 _avii, 129 leaves :
_billustrations ;
_c28 cm
500 _aA Design Project (BSCS) -- Cavite State University-CCAT Campus, 2016.
504 _aIncludes bibliographical references and appendices.
520 _aThesis Abstract:
546 _aIn English text.
650 _aMobile application.
_95366
650 _aMobile apps.
_9257
650 _aMobile apps -- Development.
_911819
650 _aGames in mathematical education.
_912939
650 _aGames in mathematics education.
_912940
650 _aMathematical recreations.
_912941
700 _aFrancisco, Camille Joy E., author.
_912936
700 _aPomarejo, Drenyl R., author.
_912937
700 _aAndoy, Rafael Arlem IV M., adviser.
_912938
700 _aMuyot, Allen Jhon C., technical critic.
_99074
942 _2lcc
_cT/M/D
_hQA 135.5 Cr78 2016
_kUM
999 _c3464
_d3464